00309nam a2200133Ia 4500003000400000005001700004008004100021020001500062040001700077100001900094245003500113260001800148260000900166OSt20240326122047.0170524s9999 xx 000 0 und d a8173912882 cIIMTU MEERUT aManon-Sreelata 0aFood Nutrition and Agreculture bKanishka Pub. c1999